| 000 | 00390nam a22001691a 4500 | ||
|---|---|---|---|
| 999 |
_c14433 _d14433 |
||
| 020 | _a9788124009895 | ||
| 082 |
_aM3 _bMUH/F |
||
| 100 | _aMuhammedali V P | ||
| 245 |
_aFandareena/ _cby Muhammedali V P |
||
| 250 | _a1st | ||
| 260 |
_bV P Muhammedali, _c2001. _a |
||
| 300 | _a87p. | ||
| 650 | _aNovel Malayalam | ||
| 650 | _aLiterature Malayalam | ||
| 650 | _aLiterature | ||
| 942 | _cBK | ||